000 00351nam a2200133Ia 4500
008 240624s9999 xx 000 0 und d
041 _aeng
082 _a658.4012 DIX
100 _aDIXIT AVINASH K
245 _aART OF STRATEGY A GAME THEORIST S GUIDE
260 _c2018
_aNew Delhi
_bViva Books
300 _axviii, 481 p.; 23 cm.
365 _cRS
_b35
999 _c31724
_d31724